|
|
|
|
| LEADER |
02392nam a22004095i 4500 |
| 001 |
978-1-4302-0990-4 |
| 003 |
DE-He213 |
| 005 |
20151204173945.0 |
| 007 |
cr nn 008mamaa |
| 008 |
100301s2008 xxu| s |||| 0|eng d |
| 020 |
|
|
|a 9781430209904
|9 978-1-4302-0990-4
|
| 024 |
7 |
|
|a 10.1007/978-1-4302-0990-4
|2 doi
|
| 040 |
|
|
|d GrThAP
|
| 050 |
|
4 |
|a QA75.5-76.95
|
| 072 |
|
7 |
|a UY
|2 bicssc
|
| 072 |
|
7 |
|a COM014000
|2 bisacsh
|
| 082 |
0 |
4 |
|a 004
|2 23
|
| 100 |
1 |
|
|a VanDyk, John K.
|e author.
|
| 245 |
1 |
0 |
|a Pro Drupal Development
|h [electronic resource] /
|c by John K. VanDyk.
|
| 250 |
|
|
|a Second Edition.
|
| 264 |
|
1 |
|a Berkeley, CA :
|b Apress,
|c 2008.
|
| 300 |
|
|
|a 704 p.
|b online resource.
|
| 336 |
|
|
|a text
|b txt
|2 rdacontent
|
| 337 |
|
|
|a computer
|b c
|2 rdamedia
|
| 338 |
|
|
|a online resource
|b cr
|2 rdacarrier
|
| 347 |
|
|
|a text file
|b PDF
|2 rda
|
| 505 |
0 |
|
|a How Drupal Works -- Writing a Module -- Hooks, Actions, and Triggers -- The Menu System -- Working with Databases -- Working with Users -- Working with Nodes -- The Theme System -- Working with Blocks -- The form API -- Manipulating User Input: The Filter System -- Searching and Indexing Content -- Working with Files -- Working with Taxonomy -- Caching -- Sessions -- Using jQuery -- Localization and Translation -- XML-RPC -- Writing Secure Code -- Development Best Practices -- Optimizing Drupal -- Installation Profiles.
|
| 520 |
|
|
|a Widely praised for its in–depth coverage of Drupal internals, bestselling Pro Drupal Development has been updated for Drupal 6 in this edition, and provides are even more tricks of the trade to help you further yourself as a professional Drupal developer. Assuming you already know how to install and bring a standard installation online, John K. VanDyk gives you everything else you need to customize your Drupal installation however you see fit. Pro Drupal Development, Second Edition delves deep into Drupal internals, showing you how to take full advantage of its powerful architecture.
|
| 650 |
|
0 |
|a Computer science.
|
| 650 |
1 |
4 |
|a Computer Science.
|
| 650 |
2 |
4 |
|a Computer Science, general.
|
| 710 |
2 |
|
|a SpringerLink (Online service)
|
| 773 |
0 |
|
|t Springer eBooks
|
| 776 |
0 |
8 |
|i Printed edition:
|z 9781430209898
|
| 856 |
4 |
0 |
|u http://dx.doi.org/10.1007/978-1-4302-0990-4
|z Full Text via HEAL-Link
|
| 912 |
|
|
|a ZDB-2-CWD
|
| 950 |
|
|
|a Professional and Applied Computing (Springer-12059)
|